000 00337nam a2200133Ia 4500
005 20260328101456.0
008 260328s9999||||xx |||||||||||||| ||und||
100 _aKirkpatrick, Janice
245 0 _aNew packaging Design /
_cJanice Kirkpatrick
260 _bLaurence King
300 _a192 p.
650 _aDISEÑO INDUSTRIAL
942 _cBK
999 _c8846
_d8846